000 00485nam a2200181Ia 4500
001 13934
005 20260306164837.0
008 260306t2006||||xx |||||||||||||| ||spa||
041 _aESP
082 _a005.73
_bP39
100 _aPeláez Sánchez, José Ignacio
_eAUT
245 0 _aAnálisis y diseño de algoritmos:
_bun enfoque teórico y práctico
260 _c2006
300 _axxviii, 409 páginas :
_c24 cm.
650 _aGEN
654 _aCCC
942 _cLIB
_dJUS
_fJUS
_2ddc
_n
999 _c13934
_d13934